000 00629nam a2200241 i 4500
001 C2-0290373
003 PPAK
005 20180728022910.0
008 081005s2002 nyu |||| ||||| | eng d
020 _a0399517502
040 _aPPAK
_beng
_cPPAK
_erda
082 0 4 _a640.2
_223
090 0 0 _a640.2
_bBIG
_dRLCK
245 0 4 _aThe big book of hints from Heloise
264 1 _aNew York :
_bA Perigee Book ,
_c2002
300 _a842 pages ;
_c24 cm
336 _2rdacontent
_atext
337 _2rdamedia
_aunmediated
338 _2rdacarrier
_avolume
500 _aIncludes index
650 1 0 _aHome economics
942 _ddc
_cB
999 _c95632
_d95632